Auctioneers selling real estate 7th edition (incorporating Common Auction Conditions 5th edition) (Record no. 122016)

MARC details
000 -LEADER
fixed length control field 01745cam a22002655a 4500
008 - FIXED-LENGTH DATA ELEMENTS--GENERAL INFORMATION
fixed length control field 241001t2024 xxk f 000 0 eng u
020 ## - INTERNATIONAL STANDARD BOOK NUMBER
International Standard Book Number 9781783211098v.2
041 0# - LANGUAGE CODE
Language code of text/sound track or separate title eng
050 04 - LIBRARY OF CONGRESS CALL NUMBER
Classification number 380.1 $2 18
110 2# - MAIN ENTRY--CORPORATE NAME
Corporate name or jurisdiction name as entry element Royal Institution of Chartered Surveyors
9 (RLIN) 4900
245 00 - TITLE STATEMENT
Title Auctioneers selling real estate 7th edition (incorporating Common Auction Conditions 5th edition)
Medium [electronic resource]
250 ## - EDITION STATEMENT
Edition statement 7th ed (with CAC 5th edition)
260 ## - PUBLICATION, DISTRIBUTION, ETC.
Place of publication, distribution, etc. London
Name of publisher, distributor, etc. RICS
Date of publication, distribution, etc. July 2024
300 ## - PHYSICAL DESCRIPTION
Extent 68p.
490 #0 - SERIES STATEMENT
Series statement RIS Practice Information
490 #0 - SERIES STATEMENT
Series statement RICS Professional Standard
520 ## - SUMMARY, ETC.
Summary, etc. Now a professional statement not a guidance note, 7th edition incorporates Common Auction Conditions 5th edition at the end of the professional statement and revises guidance on guide prices following recent decisions from the Advertising Standards Authority. Effective from 1st April 2018.
520 ## - SUMMARY, ETC.
Summary, etc. The first part supersedes the edition of the same ISBN and same number, however incorporates a 5th edition of the Common Auction Conditions whereas the original 2018 edition incorporated a 4th edition.
520 ## - SUMMARY, ETC.
Summary, etc. This document was originally published in March 2018 as an RICS professional statement and reissued in October 2023 as an RICS professional standard and then reissued in July 2024 with the 5th edition of the Common Auction Conditions.
650 24 - SUBJECT ADDED ENTRY--TOPICAL TERM
Topical term or geographic name entry element Real Estate Agency Code
651 #4 - SUBJECT ADDED ENTRY--GEOGRAPHIC NAME
Geographic name England and Wales
690 ## - LOCAL SUBJECT ADDED ENTRY--TOPICAL TERM (OCLC, RLIN)
Topical term or geographic name as entry element Auctioneering
9 (RLIN) 6218
856 40 - ELECTRONIC LOCATION AND ACCESS
Uniform Resource Identifier <a href="https://www.rics.org/profession-standards/rics-standards-and-guidance/sector-standards/real-estate-standards/auctioneers-selling-real-estate-incorporating-common-auction-conditions">https://www.rics.org/profession-standards/rics-standards-and-guidance/sector-standards/real-estate-standards/auctioneers-selling-real-estate-incorporating-common-auction-conditions</a>
Public note 2024 version with 5th edition of CAC free on RICS.org
942 ## - ADDED ENTRY ELEMENTS (KOHA)
Suppress in OPAC 0
Source of classification or shelving scheme Dewey Decimal Classification
Holdings
Withdrawn status Lost status Damaged status Not for loan Home library Current library Shelving location Date acquired Total Checkouts Date last seen Price effective from Koha item type
        Virtual Virtual Online 01/10/2024   01/10/2024 01/10/2024 Online material